000 01218nam a22002537a 4500
005 20100707102911.0
008 100707t xxu||||| |||| 00| 0 hin d
010 _aHIN-89619
020 _c450.00
_a8121402964
035 _aHN-61965
037 _bDBAD / PUB
040 _aDPL
_bHN
082 _a821.08
100 _aदीक्षित, आनन्दप्रकाश
_920792
245 _aत्रेताः एक अन्तर्यात्रा /
_cआनन्दप्रकाश दीक्षित
246 _aTraita:Ek Antaryatra/
_bby Aanandprakash Deekshit
260 _aनई दिल्ली
_bनेशनल पब्लिशिंग हाउस
_c2009
270 _a2/35 अंसारी रोड
_bनई दिल्ली
_e110002
300 _a227पृ
_c22सेमी (सजिल्द)
650 _aहिन्दी कविता
_xइतिहास एवं समालोचना
_920793
650 _aHindi Poetry
_xHistory and Criticism
_920794
942 _2ddc
_cHN
_mदीक्षित
999 _c36830
_d36830